[Event "Défi"]
[Site "www.echecsemail.com"]
[Date "2026.02.05"]
[Round "1"]
[White "Lancov"]
[Black "Degun"]
[WhiteElo "1930"]
[BlackElo "1960"]
[Result "0-1"]
1.e4 e5
2.Ng1f3 Nb8c6
3.d4 exd4
4.Bf1c4 Bf8e7
5.c3 d6
6.cxd4 Ng8f6
7.Nb1c3 Bc8g4
8.d5 Nc6e5
9.Bc4e2 Ne5xf3
10.Be2xf3 Qd8d7
11.O-O O-O
12.h3 Bg4xf3
13.Qd1xf3 c6
14.Bc1g5 h6
15.Ra1d1 hxg5
16.dxc6 Qd7xc6
17.Rf1e1 Ra8d8
18.Qf3g4 Rf8e8
19.e5 Nf6xg4
{ abandon }0-1

[Event "Eq:Avalon-Royal Kids :"]
[Site "www.echecsemail.com"]
[Date "2026.02.05"]
[Round "1"]
[White "Mindthegap"]
[Black "Pgo"]
[WhiteElo "1460"]
[BlackElo "1750"]
[Result "1-0"]
1.Ng1f3 Nb8c6
2.d4 d5
3.c4 e6
4.Nb1c3 Bf8b4
5.Bc1d2 Ng8f6
6.g3 O-O
7.a3 Bb4xc3
8.Bd2xc3 Nf6e4
9.Qd1c2 Ne4xc3
10.Qc2xc3 b6
11.cxd5 Qd8xd5
12.Bf1g2 Bc8b7
13.Nf3h4 Qd5a5
14.Ra1c1 Ra8b8
15.b4 Qa5g5
16.Bg2xc6 Bb7xc6
17.Qc3xc6 Qg5d5
18.Qc6xd5 exd5
19.Rc1xc7 Rf8d8
20.Kd2 g6
21.Nh4f3 f6
22.Rh1c1 h5
23.Nf3e1 a5
24.b5 g5
25.Ne1g2 h4
26.Ng2e3 Kf8
27.Ne3f5 Ke8
28.Nf5g7 Kf8
29.Ng7e6 Ke8
30.Ne6xd8 Kxd8
31.Rc7h7 hxg3
32.Rh7h8 Kd7
33.Rh8xb8 gxh2
34.Rb8xb6 f5
35.Rb6h6 g4
36.b6 f4
37.b7 g3
38.b8Q gxf2
39.Rc1c7 1-0

[Event "Tournoi n27424"]
[Site "www.echecsemail.com"]
[Date "2026.02.05"]
[Round "1"]
[White "Mandrak"]
[Black "Tiounet"]
[WhiteElo "1580"]
[BlackElo "1570"]
[Result "0-1"]
1.e4 a6
2.d4 b5
3.c4 bxc4
4.Bf1xc4 Bc8b7
5.d5 g6
6.Ng1f3 Bf8g7
7.O-O Ng8f6
8.Qd1d3 d6
9.Rf1e1 O-O
10.Nb1c3 Nb8d7
11.b4 c6
12.Bc1a3 cxd5
13.exd5 Nd7b6
14.Bc4b3 Ra8c8
15.Ra1c1 Rf8e8
16.b5 axb5
17.Qd3xb5 Rc8a8
18.Ba3b2 Bg7h6
19.Rc1d1 Bh6g7
20.h3 Qd8c7
21.a4 Bb7a6
22.Qb5b4 Ra8b8
23.Qb4a3 Nf6d7
24.a5 Nb6c4
25.Qa3a2 Nc4xb2
26.Qa2xb2 Bg7xc3
27.Rd1c1 Qc7xa5
28.Rc1xc3 Nd7c5
29.Nf3d2 Nc5xb3
30.Nd2xb3 Qa5b4
31.Re1d1 Ba6c4
32.Rd1d4 Re8c8
33.f4 Qb4b6
34.Qb2f2 Qb6a6
35.Qf2e3 Qa6a1
36.Kh2 Bc4xb3
37.Rc3d3 Bb3c2
38.Rd3a3 Qa1b1
39.Qe3xe7 Qb1c1
40.Ra3a7 Rc8f8
41.Qe7xd6 Qc1e1
42.Ra7e7 Qe1f2
43.Qd6f6 Rb8b3
44.Kh1 Qf2g3
45.d6 Rb3b1
46.Rd4d1 Rb1xd1
47.Re7e1 Rd1xe1
0-1

[Event "Défi"]
[Site "www.echecsemail.com"]
[Date "2026.02.05"]
[Round "1"]
[White "Pgo"]
[Black "Cocola34"]
[WhiteElo "1750"]
[BlackElo "1610"]
[Result "1-0"]
1.e4 h5
2.Bf1e2 g6
3.d3 e5
4.Ng1f3 d6
5.O-O f5
6.Nb1c3 f4
7.Bc1d2 a6
8.h3 b5
9.b4 Bc8b7
10.a4 c6
11.a5 Nb8d7
12.d4 Ng8f6
13.dxe5 dxe5
14.Bd2c1 Bf8xb4
15.Bc1b2 Bb4xa5
16.Nc3a2 Ba5b6
17.Bb2xe5 O-O
18.Be5xf4 Nf6xe4
19.Bf4d6 Rf8e8
20.Be2d3 Ne4xf2
21.Rf1xf2 Bb6xf2
22.Kxf2 Qd8b6
23.Kg3 Kg7
24.Na2c3 c5
25.Qd1d2 Qb6xd6
26.Kf2 c4
27.Bd3e4 Qd6b6
28.Qd2e3 Qb6xe3
29.Kxe3 Bb7xe4
30.Nc3xe4 Nd7f6
31.Nf3g5 Nf6d5
32.Kd4 Ra8d8
33.Ra1xa6 Nd5b6
34.Kc3 Nb6d5
35.Kb2 c3
36.Ne4xc3 Nd5xc3
37.Kxc3 Rd8c8
38.Kb2 Re8e7
39.Ng5f3 Kh6
40.h4 Re7e2
41.Nf3d4 b4
42.Nd4xe2 Rc8e8
43.Ne2f4 Re8g8
44.Ra6b6 Rg8g7
45.Rb6xb4 Rg7f7
46.g3 g5
47.Rb4b6 Kh7
48.hxg5 h4
49.Rb6h6 Kg7
50.Nf4h5 Kf8
51.gxh4 Rf7b7
52.Kc1 Rb7b4
53.Rh6f6 Ke7
54.Rf6f4 Rb4b6
55.Nh5g7 Rb6a6
56.Ng7f5 Ke6
57.Rf4f2 Ra6a1
58.Kd2 Kd5
59.Nf5e3 Kd4
60.g6 Ra1a7
61.Rf2f7 Ra7a3
62.Rf7d7 Ke4
63.Ne3c4 Kf5
64.Nc4xa3 { abandon }1-0

[Event "BERNARD MAS"]
[Site "www.echecsemail.com"]
[Date "2026.02.05"]
[Round "1"]
[White "Rachess"]
[Black "4x4"]
[WhiteElo "1540"]
[BlackElo "1490"]
[Result "1-0"]
1.e4 e5
2.Ng1f3 d6
3.d4 Bc8g4
4.dxe5 Bg4xf3
5.Qd1xf3 dxe5
6.Bf1c4 f6
7.Qf3b3 b6
8.Bc4f7 Kd7
9.Qb3e6 1-0

[Event "Tournoi n27398"]
[Site "www.echecsemail.com"]
[Date "2026.02.05"]
[Round "1"]
[White "Aramis"]
[Black "Philoconche"]
[WhiteElo "1580"]
[BlackElo "1530"]
[Result "1-0"]
1.d4 c5
2.dxc5 e6
3.b4 a5
4.c3 axb4
5.cxb4 Nb8c6
6.Bc1d2 g6
7.Bd2c3 Ng8f6
8.a3 Bf8g7
9.Nb1d2 O-O
10.a4 Nf6d5
11.Bc3xg7 Kxg7
12.b5 Nc6e5
13.Nd2e4 Qd8a5
14.Ne4d2 b6
15.Ng1f3 Ne5xf3
16.exf3 bxc5
17.Bf1d3 Bc8b7
18.O-O Ra8c8
19.Nd2c4 Qa5c7
20.Qd1c1 Nd5b4
21.Bd3e2 d5
22.Qc1b2 d4
23.a5 Rf8d8
24.Nc4b6 Nb4d5
25.Nb6xc8 Rd8xc8
26.b6 Qc7c6
27.a6 Qc6xb6
28.Qb2xb6 { abandon }1-0

[Event "020226"]
[Site "www.echecsemail.com"]
[Date "2026.02.05"]
[Round "1"]
[White "Turbo"]
[Black "4x4"]
[WhiteElo "1370"]
[BlackElo "1430"]
[Result "0-1"]
1.d4 d5
2.Ng1f3 e6
3.a3 Nb8c6
4.b4 Ng8f6
5.c3 Bc8d7
6.e3 Bf8d6
7.Bf1d3 Qd8e7
8.h3 O-O-O
9.Bd3b5 a6
10.Bb5xc6 Bd7xc6
11.c4 dxc4
12.O-O Bc6b5
13.Bc1d2 Nf6e4
14.Bd2c3 f5
15.d5 e5
16.Nf3d2 Qe7f7
17.Nd2xe4 fxe4
18.Qd1g4 Kb8
19.Qg4d1 g5
20.g4 h5
21.f4 gxf4
22.exf4 Rh8f8
23.Bc3d2 c3
24.Nb1xc3 Bb5xf1
25.Qd1xf1 hxg4
26.Nc3xe4 gxh3
27.Qf1xh3 Qf7g6
28.Ne4g3 Rf8g8
29.Bd2e1 exf4
30.Ra1a2 fxg3
31.Ra2g2 Rd8e8
32.Be1xg3 Bd6xg3
33.Rg2xg3 Qg6b1
34.Kh2 Re8e2
{ abandon }0-1

[Event "Défi( 10J+24H/c 10J Max )"]
[Site "www.echecsemail.com"]
[Date "2026.02.05"]
[Round "1"]
[White "Tartu"]
[Black "Tunnellavage"]
[WhiteElo "1720"]
[BlackElo "1720"]
[Result "1-0"]
1.d4 Ng8f6
2.c4 e6
3.Nb1c3 c6
4.e4 Bf8b4
5.Bf1d3 d6
6.Ng1f3 h6
7.O-O O-O
8.a3 Bb4a5
9.b4 Ba5c7
10.Rf1e1 a6
11.Bc1b2 Nb8d7
12.h3 b5
13.cxb5 cxb5
14.Ra1c1 Bc7b6
15.e5 Nf6d5
16.Nc3xd5 exd5
17.exd6 Bb6a7
18.Qd1b3 Bc8b7
19.Bd3b1 Nd7b6
20.Qb3c2 Nb6c4
21.Qc2h7 1-0

[Event "Tournoi n27415"]
[Site "www.echecsemail.com"]
[Date "2026.02.05"]
[Round "1"]
[White "Legrillon"]
[Black "Verson"]
[WhiteElo "1760"]
[BlackElo "1820"]
[Result "0-1"]
1.e4 e6
2.d4 d5
3.e5 c5
4.Bc1e3 Nb8c6
5.c3 cxd4
6.Be3xd4 Nc6xd4
7.cxd4 Ng8h6
8.Bf1e2 Qd8a5
9.Nb1c3 Nh6f5
10.Qd1d3 Bf8b4
11.Ng1f3 Bc8d7
12.O-O O-O
13.a3 Bb4e7
14.b4 Qa5b6
15.h3 a6
16.Ra1b1 Ra8c8
17.Rf1c1 Rc8c7
18.a4 Rf8c8
19.Nc3a2 Bd7xa4
20.Rc1xc7 Rc8xc7
21.Be2d1 Ba4xd1
22.Qd3xd1 Rc7c4
23.Qd1d2 h6
24.g4 Nf5h4
25.Nf3xh4 Be7xh4
26.Rb1c1 Qb6c6
27.Rc1xc4 Qc6xc4
28.Na2c1 b6
29.Nc1e2 Bh4g5
30.Qd2b2 Bg5e7
31.Kg2 Qc4xb4
32.Qb2c2 Qb4c4
33.Qc2b2 b5
34.Kf1 b4
35.Ke1 a5
36.Ne2c1 a4
37.Nc1a2 b3
38.Na2c1 Be7g5
39.Nc1e2 Qc4b4
40.Ne2c3 a3
41.Qb2a1 b2
{ abandon }0-1

[Event "Défi( 10J+24H/c 10J Max )"]
[Site "www.echecsemail.com"]
[Date "2026.02.05"]
[Round "1"]
[White "Berjay"]
[Black "Boudon"]
[WhiteElo "1710"]
[BlackElo "2200"]
[Result "0-1"]
1.e4 c5
2.Bf1c4 e6
3.Ng1f3 Ng8f6
4.Nb1c3 d5
5.exd5 exd5
6.Bc4b5 Nb8c6
7.O-O Bf8e7
8.d3 O-O
9.a4 Bc8g4
10.b3 Nc6d4
11.Rf1e1 a6
12.a5 axb5
13.h3 Bg4xf3
14.gxf3 h6
15.Bc1f4 Nf6h7
16.Bf4g3 Nh7g5
17.Kf1 Be7f6
18.f4 Ng5f3
19.Re1e3 Qd8d7
20.Kg2 g5
21.fxg5 Nf3xg5
22.Ra1c1 Qd7xh3
23.Kg1 Ra8e8
24.Bg3d6 Re8xe3
25.fxe3 Nd4f3
26.Kf2 Bf6xc3
27.Bd6g3 Bc3e1
28.Ke2 Qh3g2
{ abandon }0-1

[Event "Défi"]
[Site "www.echecsemail.com"]
[Date "2026.02.05"]
[Round "1"]
[White "Lecevenol"]
[Black "Kerenor"]
[WhiteElo "1260"]
[BlackElo "1570"]
[Result "0-1"]
1.e4 e5
2.Ng1f3 d6
3.Bf1d3 Ng8f6
4.h3 a6
5.O-O Bc8e6
6.g4 h6
7.Nb1c3 Nb8c6
8.a3 Nc6d4
9.Nf3xd4 exd4
10.Nc3e2 Nf6h7
11.Ne2xd4 Be6d7
12.b3 Qd8f6
13.Bc1b2 Bf8e7
14.Qd1f3 Qf6h4
15.Kh2 Nh7g5
16.Qf3e3 Bd7xg4
17.Qe3g3 Qh4h5
18.h4 Be7f6
19.Rf1e1 Bf6e5
20.f4 Be5xd4
21.Bb2xd4 Ng5f3
22.Kg2 Nf3xh4
23.Kf2 Nh4g6
24.Bd4xg7 Rh8g8
25.Bg7d4 O-O-O
26.Re1h1 Qh5a5
27.Qg3xg4 Kb8
28.Bd4c3 Qa5b6
29.Ke2 Ng6e5
30.Qg4f5 Ne5c6
31.Qf5h3 Nc6e7
32.Bd3c4 Ne7g6
33.Qh3xh6 d5
34.exd5 Rd8e8
35.Kf3 Qb6d6
36.Qh6g5 Ng6e7
37.Qg5e5 Qd6g6
38.Qe5e3 Ne7f5
39.Qe3f2 Nf5d6
40.Bc4d3 Qg6g4
0-1

[Event "Défi"]
[Site "www.echecsemail.com"]
[Date "2026.02.05"]
[Round "1"]
[White "Payne42"]
[Black "Superman"]
[WhiteElo "1760"]
[BlackElo "1760"]
[Result "0-1"]
1.f4 d5
2.e3 Ng8f6
3.Ng1f3 Bc8g4
4.b3 c6
5.Bc1b2 e6
6.h3 Bg4xf3
7.Qd1xf3 Bf8c5
8.Bf1d3 Qd8d6
9.O-O Nb8d7
10.Nb1c3 O-O-O
11.Nc3a4 h6
12.Na4xc5 Nd7xc5
13.Bd3e2 Qd6e7
14.Rf1d1 Nc5e4
15.d3 Ne4d6
16.g4 g5
17.Kg2 Rh8g8
18.Rd1h1 gxf4
19.exf4 Nf6h7
20.Kf2 f5
21.Ra1g1 fxg4
22.hxg4 Rd8f8
23.Rh1xh6 Nh7g5
24.Qf3g3 Nd6e4
25.dxe4 Ng5xe4
26.Kf3 Ne4xg3
27.Rg1xg3 c5
28.Rg3h3 d4
29.Be2c4 Rg8g7
30.Rh6xe6 Qe7c7
31.f5 b6
32.Bb2c1 Qc7b7
33.Kg3 Rf8xf5
34.Re6h6 Qb7f3
35.Kh2 Qf3f2
36.Kh1 Qf2e1
37.Kh2 Rf5f2
38.Kg3 Qe1g1
39.Kh4 Qg1xg4
0-1

[Event "Défi"]
[Site "www.echecsemail.com"]
[Date "2026.02.05"]
[Round "1"]
[White "Turbo"]
[Black "Kerenor"]
[WhiteElo "1360"]
[BlackElo "1590"]
[Result "1-0"]
1.e4 e5
2.Ng1f3 d6
3.Bf1c4 Bc8g4
4.h3 Bg4h5
5.g4 Bh5g6
6.a4 Bg6xe4
7.h4 a6
8.Nf3g5 Be4g6
9.Qd1f3 h6
10.Bc4xf7 Ke7
11.Bf7xg6 Ng8f6
12.Qf3b3 d5
13.Ng5f3 b6
14.Qb3b4 Kd7
15.Bg6f5 Ke8
16.Qb4c3 Qd8e7
17.Nf3h2 Qe7d6
18.Bf5g6 Ke7
19.d4 Nf6e4
20.Qc3f3 Qd6xg6
21.dxe5 Nb8c6
22.c3 Nc6xe5
23.Qf3d1 Qg6d6
24.Nh2f3 Ne5xg4
25.Nb1d2 Qd6c5
26.Nd2xe4 dxe4
27.Nf3d4 g6
28.Qd1xg4 Rh8g8
29.Qg4e6 Kd8
30.Bc1e3 Rg8h8
31.Nd4c6 Qc5xc6
32.Qe6xc6 Ra8c8
33.Qc6f6 { abandon }1-0

[Event "Tournoi n27431"]
[Site "www.echecsemail.com"]
[Date "2026.02.05"]
[Round "1"]
[White "Jlr"]
[Black "Fouvolant"]
[WhiteElo "1430"]
[BlackElo "1440"]
[Result "0-1"]
1.e4 c5
2.Ng1f3 e6
3.Bf1c4 a6
4.d3 Nb8c6
5.h4 d6
6.Nb1c3 h6
7.Qd1e2 Qd8c7
8.g4 b5
9.Bc4xb5 axb5
10.Nc3xb5 Qc7b8
11.c4 Bc8a6
12.Bc1f4 Ba6xb5
13.cxb5 Qb8xb5
14.b3 Ng8f6
15.g5 hxg5
16.Qe2c2 gxf4
17.Nf3g5 Nc6d4
18.Qc2b2 Qb5xd3
19.Ra1d1 Nd4f3
20.Ng5xf3 Qd3xf3
21.Rh1g1 Qf3xe4
22.Kf1 Rh8xh4
23.Rd1e1 Qe4d3
24.Re1e2 f3
25.Ke1 fxe2
26.Qb2xe2 Qd3b1
27.Qe2d1 Rh4e4
28.Kd2 Re4d4
29.Ke2 Qb1e4
30.Kf1 Rd4xd1
0-1

[Event "BERNARD MAS"]
[Site "www.echecsemail.com"]
[Date "2026.02.05"]
[Round "1"]
[White "Pgo"]
[Black "Intrigue"]
[WhiteElo "1750"]
[BlackElo "1720"]
[Result "1/2-1/2"]
1.e4 e6
2.d4 d5
3.e5 c5
4.Bf1b5 Bc8d7
5.Nb1c3 a6
6.Bb5xd7 Qd8xd7
7.Ng1f3 Nb8c6
8.O-O b5
9.Rf1e1 b4
10.Nc3a4 cxd4
11.Na4b6 Qd7b7
12.Nb6a4 Ra8c8
13.Nf3xd4 Ng8e7
14.Bc1g5 Nc6xd4
15.Qd1xd4 Ne7g6
16.b3 Bf8e7
17.Bg5xe7 Ng6xe7
18.Ra1c1 Ne7g6
19.h4 O-O
20.h5 Ng6e7
21.h6 gxh6
22.Qd4g4 Ne7g6
23.f4 Kh8
24.Qg4f3 Qb7a7
25.Kh1 Qa7e7
26.g4 Qe7h4
27.Kg2 Rf8g8
28.Re1h1 Qh4e7
29.Rh1xh6 Qe7f8
30.g5 Kg7
31.Rc1h1 Rg8h8
32.Qf3f2 Qf8d8
33.Rh1d1 Qd8c7
34.Rd1d2 Qc7c6
35.Kg3 Ng6e7
36.Kg4 Ne7f5
37.Rh6h2 a5
38.Na4b2 d4
39.Nb2d3 Nf5e3
40.Kg3 Rc8c7
41.Nd3e1 Ne3f5
42.Kg4 h5
43.gxh6 Rh8xh6
44.Rh2xh6 Nf5xh6
45.Kh3 Qc6e4
46.Rd2xd4 Qe4f5
47.Kg2 Rc7c3
48.Rd4d3 Nh6g4
49.Qf2g3 Rc3xd3
50.Ne1xd3 Kf8
51.Kf3 Ng4h6
52.Ke3 Nh6g4
53.Kf3 Ng4h6
54.Nd3e1 Qf5h5
55.Kf2 Nh6f5
56.Qg3g2 Qh5d1
57.Qg2e4 Qd1d2
58.Kf3 Qd2c3
59.Qe4d3 Qc3xe1
60.Qd3d8 Kg7
61.Qd8f6 Kf8
62.Qf6d8 { nul }1/2-1/2

[Event "Coupe Niveau 3"]
[Site "www.echecsemail.com"]
[Date "2026.02.05"]
[Round "1"]
[White "Woluwe1975"]
[Black "Domenico"]
[WhiteElo "1670"]
[BlackElo "1810"]
[Result "0-1"]
1.Ng1f3 d5
2.d4 Bc8f5
3.e3 e6
4.Nb1d2 Bf8e7
5.c3 Ng8f6
6.Qd1a4 c6
7.Bf1e2 O-O
8.b4 b5
9.Qa4b3 a5
10.a3 a4
11.Qb3b2 Nb8d7
12.Nf3e5 Nd7xe5
13.dxe5 Nf6e4
14.Nd2xe4 Bf5xe4
15.f3 Be4g6
16.O-O Ra8b8
17.Rf1d1 Be7g5
18.f4 Bg5h6
19.Qb2a2 Qd8h4
20.Rd1f1 Bg6e4
21.Bc1d2 g5
22.fxg5 Qh4xg5
23.Rf1f2 Kh8
24.g3 Rf8g8
25.Rf2xf7 Qg5h4
26.Rf7f2 Rg8xg3
27.hxg3 Qh4h1
0-1

[Event "Eq:Les enfants de l Atlantide-LES CHATTERBOX :"]
[Site "www.echecsemail.com"]
[Date "2026.02.05"]
[Round "1"]
[White "Hberlioz"]
[Black "Machja"]
[WhiteElo "1680"]
[BlackElo "1750"]
[Result "1-0"]
1.e4 e6
2.d4 d5
3.e5 c5
4.Ng1f3 Nb8c6
5.Bf1b5 Bc8d7
6.Nb1c3 Qd8b6
7.Bb5xc6 Bd7xc6
8.Bc1e3 Qb6xb2
9.Be3d2 cxd4
10.Nf3xd4 Bf8b4
11.Nd4xc6 bxc6
12.Ra1b1 Qb2a3
13.Rb1b3 Qa3a5
14.O-O c5
15.Qd1f3 c4
16.Rb3b2 Qa5a3
17.Rf1b1 Ra8b8
18.Nc3b5 Qa3a4
19.Rb2xb4 Qa4xa2
20.Nb5d6 Ke7
21.Qf3xf7 Kd8
22.Rb4xb8 1-0

[Event "Coupe Niveau 5"]
[Site "www.echecsemail.com"]
[Date "2026.02.05"]
[Round "1"]
[White "Elghribi"]
[Black "Carrighir"]
[WhiteElo "1930"]
[BlackElo "2110"]
[Result "0-1"]
1.e4 c5
2.Ng1f3 d6
3.d4 cxd4
4.Nf3xd4 Ng8f6
5.Nb1c3 a6
6.Bf1e2 Nb8c6
7.O-O e5
8.Nd4b3 Bf8e7
9.Bc1e3 b5
10.f3 O-O
11.Qd1d2 Qd8c7
12.Ra1c1 Bc8b7
13.Nc3d5 Nf6xd5
14.exd5 Nc6a7
15.c4 Qc7d7
16.Nb3a5 bxc4
17.Na5xb7 Qd7xb7
18.Be2xc4 Na7b5
19.a4 Nb5c7
20.b4 Rf8c8
21.Rf1d1 Ra8b8
22.Rc1b1 Nc7e8
23.Qd2d3 Rb8a8
24.a5 Ne8c7
25.Rd1d2 Nc7b5
26.Bc4xb5 Qb7xb5
27.Qd3xb5 axb5
28.Kf2 Rc8c4
29.g3 Be7f6
30.Ke2 e4
31.f4 Bf6c3
32.Rd2c2 Rc4xb4
33.Rb1xb4 Bc3xb4
34.Be3b6 g6
35.Ke3 f5
36.Rc2b2 Bb4xa5
37.Rb2xb5 Ba5xb6
38.Rb5xb6 Ra8d8
39.Rb6b7 h6
40.h3 Rd8a8
41.Rb7d7 Ra8a6
42.g4 Ra6a3
43.Ke2 Ra3xh3
44.Rd7xd6 Kf7
45.gxf5 gxf5
46.Rd6d7 Kg6
47.Rd7e7 Kh5
48.d6 Rh3d3
49.d7 Kg4
{ abandon }0-1

[Event "Coupe Niveau 6"]
[Site "www.echecsemail.com"]
[Date "2026.02.05"]
[Round "1"]
[White "Carrighir"]
[Black "Pessoa"]
[WhiteElo "2110"]
[BlackElo "2150"]
[Result "1/2-1/2"]
1.e4 d6
2.d4 Ng8f6
3.Nb1c3 g6
4.f4 e5
5.fxe5 dxe5
6.d5 Bf8b4
7.Bc1g5 Qd8d6
8.Bf1d3 Bc8g4
9.Ng1f3 Nf6xe4
10.Bd3xe4 f5
11.Qd1e2 fxe4
12.Qe2xe4 Bg4xf3
13.Qe4xf3 Rh8f8
14.Qf3e4 Nb8d7
15.Bg5d2 O-O-O
16.O-O-O Nd7c5
17.Qe4e2 Rf8f5
18.a3 Bb4xc3
19.Bd2xc3 e4
20.Bc3b4 Qd6f4
21.Kb1 Rf5xd5
22.Rd1xd5 Rd8xd5
23.Rh1f1 Qf4d6
24.Qe2e3 Rd5d1
25.Rf1xd1 Qd6xd1
26.Ka2 Qd1d5
27.Kb1 Nc5e6
28.Qe3xa7 b6
29.Qa7a6 Kd7
30.Qa6f1 Ne6d4
31.Qf1f4 c5
32.Bb4c3 Qd5f5
33.Qf4b8 Qf5f1
34.Ka2 Qf1c4
35.Kb1 Qc4f1
36.Ka2 Qf1c4
{ nul }1/2-1/2

[Event "Défi"]
[Site "www.echecsemail.com"]
[Date "2026.02.05"]
[Round "1"]
[White "Xercott"]
[Black "Arno"]
[WhiteElo "1810"]
[BlackElo "1770"]
[Result "0-1"]
1.e4 Nb8c6
2.Ng1f3 f5
3.e5 d6
4.Bf1c4 Nc6xe5
5.Nf3xe5 dxe5
6.Nb1c3 Ng8f6
7.d3 e6
8.O-O Bf8d6
9.Bc1g5 a6
10.Rf1e1 O-O
11.Qd1f3 Qd8e8
12.a3 Qe8g6
13.Bg5xf6 Rf8xf6
14.b4 c5
15.Ra1b1 Qg6h6
16.g3 Ra8b8
17.bxc5 Bd6xc5
18.a4 b6
19.Qf3c6 Bc8b7
20.Qc6c7 Rf6f8
21.h4 f4
22.Qc7xe5 fxg3
23.Qe5xe6 Kh8
24.Qe6xh6 Bc5xf2
25.Kf1 Bf2e3
{ abandon }0-1

[Event "FARSCHWILLER"]
[Site "www.echecsemail.com"]
[Date "2026.02.05"]
[Round "1"]
[White "Katastrofic"]
[Black "Mindthegap"]
[WhiteElo "1460"]
[BlackElo "1420"]
[Result "1-0"]
1.e4 e5
2.Ng1f3 Ng8f6
3.Nf3xe5 d6
4.Ne5f3 Nf6xe4
5.d4 d5
6.Bf1d3 Bf8e7
7.O-O O-O
8.Bd3xe4 dxe4
9.Nf3e1 Nb8c6
10.Bc1e3 Rf8e8
11.Nb1c3 Bc8f5
12.a3 Qd8d6
13.d5 Nc6e5
14.Be3f4 c6
15.Bf4xe5 Qd6xe5
16.dxc6 Be7d6
17.g3 h5
18.cxb7 Ra8b8
19.Qd1d5 h4
20.Qd5xe5 Bd6xe5
21.Ra1b1 hxg3
22.fxg3 Be5d4
23.Kg2 Re8e6
24.Rf1xf5 Bd4xc3
25.bxc3 e3
26.Ne1f3 e2
27.Rf5e5 e1Q
28.Rb1xe1 Re6xe5
29.Re1xe5 Rb8xb7
30.a4 Rb7b2
31.Nf3d4 { abandon }1-0

[Event "Défi( 10J+24H/c 10J Max )"]
[Site "www.echecsemail.com"]
[Date "2026.02.05"]
[Round "1"]
[White "Matsonic"]
[Black "Uji40"]
[WhiteElo "1800"]
[BlackElo "1630"]
[Result "1-0"]
1.e4 e5
2.Ng1f3 Nb8c6
3.Bf1c4 Bf8c5
4.d3 h6
5.O-O Ng8f6
6.c3 O-O
7.Rf1e1 d6
8.Bc1e3 Bc5xe3
9.Re1xe3 Rf8e8
10.h3 Nf6h5
11.Nf3h2 Nh5f4
12.Qd1f3 Qd8f6
13.Nh2g4 Bc8xg4
14.Qf3xg4 a6
15.Kf1 Ra8d8
16.Re3f3 Nc6a5
17.g3 Qf6g5
18.Qg4xg5 hxg5
19.gxf4 exf4
20.b3 Re8e7
21.Nb1d2 Na5c6
22.b4 b5
23.Bc4b3 Nc6e5
24.d4 Ne5xf3
25.Nd2xf3 g4
26.hxg4 c6
27.Ra1e1 d5
28.exd5 Re7xe1
29.Kxe1 cxd5
30.Nf3e5 Kf8
31.Ke2 Rd8d6
32.g5 f6
33.gxf6 gxf6
34.Ne5g6 Kg7
35.Ng6xf4 Kh6
36.Nf4xd5 Rd6e6
37.Nd5e3 Re6c6
38.Kd3 Rc6c8
39.f4 Rc8h8
40.d5 Rh8d8
41.Kd4 Kh5
42.Bb3d1 Kg6
43.a4 bxa4
44.Bd1xa4 Kf7
45.c4 Rd8h8
46.c5 { abandon }1-0

[Event "Tournoi échelle division 1"]
[Site "www.echecsemail.com"]
[Date "2026.02.05"]
[Round "1"]
[White "Domenico"]
[Black "Pgo"]
[WhiteElo "1800"]
[BlackElo "1760"]
[Result "1-0"]
1.e4 e5
2.Bf1c4 Bf8c5
3.Ng1f3 d6
4.O-O Bc8g4
5.d3 Ng8f6
6.Bc1e3 Nb8d7
7.Nb1d2 O-O
8.Qd1c1 a6
9.c3 h6
10.b4 Bc5a7
11.a4 Nd7b6
12.Bc4b3 c6
13.d4 Bg4xf3
14.Nd2xf3 Nf6xe4
15.dxe5 dxe5
16.Nf3xe5 Qd8e7
17.Ne5g6 Qe7f6
18.Ng6xf8 Kxf8
19.Qc1c2 Ne4xc3
20.Be3c5 Kg8
21.Ra1e1 Nc3d5
22.a5 Nb6d7
23.Bc5xa7 Ra8xa7
24.Re1e8 Nd7f8
25.Qc2c5 b6
26.Qc5xf8 Kh7
27.Bb3c2 g6
28.Qf8g8 1-0

[Event "Défi"]
[Site "www.echecsemail.com"]
[Date "2026.02.05"]
[Round "1"]
[White "Gambitor"]
[Black "Artistepeintre"]
[WhiteElo "1530"]
[BlackElo "1570"]
[Result "1-0"]
1.d4 d5
2.c4 dxc4
3.Ng1f3 h6
4.Nb1c3 e6
5.e4 Bc8d7
6.Bf1xc4 a6
7.O-O Bf8e7
8.Rf1e1 Nb8c6
9.a3 Ng8f6
10.e5 Nf6h5
11.b4 b5
12.Bc4d3 g5
13.Nc3e4 g4
14.Nf3d2 f5
15.Ne4c5 Nc6xd4
16.Nc5b7 Qd8b8
17.Nb7c5 Be7xc5
18.bxc5 Nh5f4
19.Nd2e4 Nf4xd3
20.Ne4f6 Kf7
21.Qd1xd3 Nd4f3
22.gxf3 Bd7c6
23.fxg4 Rh8d8
24.Qd3h3 Rd8h8
25.Bc1xh6 Qb8d8
26.gxf5 exf5
27.Qh3h5 Ke6
28.Ra1d1 Qd8e7
29.Qh5g6 Rh8xh6
30.Qg6xh6 f4
31.Nf6d5 Kd7
32.Nd5xe7 Kxe7
33.Qh6f6 Ke8
34.Qf6xc6 { abandon }1-0

[Event "Eq:Avalon-LES CHATTERBOX :"]
[Site "www.echecsemail.com"]
[Date "2026.02.05"]
[Round "1"]
[White "Mindthegap"]
[Black "Hberlioz"]
[WhiteElo "1430"]
[BlackElo "1670"]
[Result "0-1"]
1.d4 d5
2.Nb1c3 Ng8f6
3.Bc1f4 a6
4.Qd1c1 Nb8c6
5.e3 e6
6.Bf1e2 Bf8d6
7.Bf4xd6 cxd6
8.Ng1f3 Qd8e7
9.Qc1d1 e5
10.Be2f1 e4
11.Nf3g5 Bc8g4
12.f3 exf3
13.gxf3 Bg4h5
14.Qd1e2 b5
15.Rh1g1 h6
16.Nc3xd5 Nf6xd5
17.Ng5e4 Nc6b4
18.Rg1xg7 Nd5xe3
19.Rg7xf7 Qe7xe4
20.Bf1h3 Ne3xc2
21.Kf1 Qe4xe2
22.Kxe2 Kxf7
23.Ra1g1 Nc2xd4
24.Ke3 Nd4xf3
25.Rg1g3 Rh8e8
26.Kf2 Ra8d8
27.Rg3xf3 Bh5xf3
28.b3 Nb4xa2
29.b4 Bf3h5
30.Kg3 d5
31.Kh4 Kg6
32.Bh3g4 Re8e4
33.h3 Re4xg4
34.hxg4 Bh5xg4
35.Kxg4 Rd8e8
36.Kf4 d4
37.Kf3 d3
38.Kg4 d2
39.Kh4 d1Q
{ abandon }0-1

[Event "Eq:Les enfants de l Atlantide-O fou d hello :"]
[Site "www.echecsemail.com"]
[Date "2026.02.05"]
[Round "1"]
[White "Lecevenol"]
[Black "Tjspret"]
[WhiteElo "1260"]
[BlackElo "1810"]
[Result "0-1"]
1.e4 d5
2.d3 dxe4
3.Nb1c3 exd3
4.Qd1xd3 Qd8xd3
5.Bf1xd3 Ng8f6
6.f3 g6
7.Ng1h3 Bf8g7
8.Bc1d2 O-O
9.O-O Bc8xh3
10.gxh3 c6
11.Bd3c4 Nb8d7
12.Rf1e1 e6
13.Ra1b1 b5
14.Bc4d3 a6
15.Bd2f4 Rf8e8
16.Kf2 Nd7c5
17.Bf4e3 Nc5xd3
18.cxd3 Nf6d5
19.Nc3xd5 cxd5
20.Rb1c1 Bg7xb2
21.Rc1c2 Bb2g7
22.Rc2b2 Bg7xb2
23.Re1b1 Bb2e5
24.Kg2 Ra8c8
25.Rb1f1 Rc8c2
26.Rf1f2 Rc2xf2
27.Kxf2 Re8c8
{ abandon }0-1

[Event "Défi"]
[Site "www.echecsemail.com"]
[Date "2026.02.05"]
[Round "1"]
[White "Hberlioz"]
[Black "Tiounet"]
[WhiteElo "1660"]
[BlackElo "1630"]
[Result "0-1"]
1.e4 a6
2.d4 b5
3.d5 Bc8b7
4.Ng1f3 Ng8f6
5.Nb1c3 b4
6.Nc3a4 Nf6xe4
7.Qd1e2 Ne4f6
8.Qe2c4 Bb7xd5
9.Qc4xb4 e6
10.Qb4c3 g6
11.Bc1g5 Bf8g7
12.Qc3d2 O-O
13.Bf1d3 Qd8c8
14.Na4c3 Bd5xf3
15.gxf3 Qc8b7
16.Bg5xf6 Bg7xf6
17.Bd3e2 Qb7xb2
18.O-O Qb2xc3
19.Qd2h6 Qc3xc2
20.Rf1e1 Bf6xa1
{ abandon }0-1

[Event "Transval 2"]
[Site "www.echecsemail.com"]
[Date "2026.02.05"]
[Round "1"]
[White "Turbo"]
[Black "Janolapin"]
[WhiteElo "1280"]
[BlackElo "1690"]
[Result "1-0"]
1.e4 e5
2.Ng1f3 d6
3.h3 f5
4.exf5 Bc8xf5
5.a3 Ng8f6
6.c3 Bf8e7
7.Bf1c4 d5
8.Bc4b3 Nb8d7
9.O-O O-O
10.Nf3h4 Bf5e6
11.d3 Nd7c5
12.Bb3a2 c6
13.Nb1d2 d4
14.c4 a6
15.f4 e4
16.Nd2xe4 Nc5xe4
17.dxe4 c5
18.e5 Nf6d7
19.Nh4f3 b5
20.cxb5 Be6xa2
21.Ra1xa2 axb5
22.Qd1d3 Nd7b6
23.b3 Rf8xf4
24.Bc1xf4 { abandon }1-0

[Event "Défi"]
[Site "www.echecsemail.com"]
[Date "2026.02.05"]
[Round "1"]
[White "Lecevenol"]
[Black "Katastrofic"]
[WhiteElo "1260"]
[BlackElo "1370"]
[Result "0-1"]
1.e4 e5
2.f3 d6
3.g3 Bf8e7
4.Ng1h3 Bc8xh3
5.Bf1xh3 Ng8f6
6.O-O O-O
7.b3 c6
8.Nb1a3 c5
9.Bc1b2 a6
10.Na3c4 b5
11.Nc4e3 a5
12.d3 Nb8c6
13.g4 h6
14.c3 b4
15.cxb4 axb4
16.a4 d5
17.exd5 Nc6d4
18.Ra1c1 Nf6xd5
19.Ne3xd5 Qd8xd5
20.Rc1c4 Be7g5
21.Bh3g2 Bg5e3
22.Kh1 Be3f4
23.h3 g5
24.Rf1e1 Qd5d6
25.Qd1d2 Bf4xd2
26.Re1a1 Nd4xb3
27.Ra1d1 Qd6xd3
28.Rc4e4 Qd3c2
29.Rd1f1 Qc2xb2
30.Re4xe5 Qb2xe5
31.Rf1b1 Nb3d4
32.Rb1a1 b3
33.Kg1 Nd4xf3
34.Bg2xf3 Qe5xa1
{ abandon }0-1

[Event "Coupe Niveau 6"]
[Site "www.echecsemail.com"]
[Date "2026.02.05"]
[Round "1"]
[White "Zax"]
[Black "Carrighir"]
[WhiteElo "2270"]
[BlackElo "2110"]
[Result "1-0"]
1.e4 c5
2.d4 cxd4
3.c3 dxc3
4.Nb1xc3 Nb8c6
5.Ng1f3 d6
6.Bf1c4 e6
7.O-O Ng8f6
8.Qd1e2 Bf8e7
9.Rf1d1 e5
10.Bc1e3 O-O
11.b4 Nc6xb4
12.Nf3xe5 Qd8a5
13.Ne5f3 Bc8g4
14.Ra1c1 Ra8c8
15.Be3d4 Qa5h5
16.Nc3b5 a6
17.Nb5a7 Rc8b8
18.Bc4b3 d5
19.Bd4xf6 Be7xf6
20.h3 Bg4xf3
21.Qe2xf3 Qh5xf3
22.gxf3 d4
23.a3 Nb4c6
24.Na7xc6 bxc6
25.Bb3a4 Rb8b2
26.Rc1xc6 Bf6h4
27.Ba4c2 Bh4f6
28.Rd1d3 Rf8b8
29.f4 Rb8d8
30.e5 Bf6e7
31.a4 a5
32.Kg2 g6
33.Rc6c7 Be7b4
34.Bc2b3 Rb2xb3
35.Rd3xb3 d3
36.Rb3b1 d2
37.Rb1d1 Rd8d3
38.h4 Rd3a3
39.h5 Ra3xa4
40.Rc7c8 Kg7
41.h6 Kxh6
42.Rc8g8 { abandon }1-0